000 00488nam a2200193Ia 4500
005 20240823051454.0
008 240823s9999||||xx |||||||||||||| ||und||
020 _a0-19-569037-0
041 _aENGLISH
082 _A005.133 Q2
100 _a"Thivedi,Bhushan"
245 0 _aProgramming with ANSI C++
250 _aIst
260 _c2012
_bOxford University
_aNew Delhi
500 _aYES
650 _aProgramming with ANSI C++
_bComputer Science
942 _cBK
999 _c219664
_d219664